Κατάλογος Βιβλιοθηκών Mediterranean College

Επιχειρηματικότητα (Record no. 6158)

MARC details
000 -LEADER
fixed length control field 01980cam a22002174a 4500
005 - ΗΜΕΡΟΜΗΝΙΑ ΚΑΙ ΩΡΑ ΤΕΛΕΥΤΑΙΑΣ ΕΝΗΜΕΡΩΣΗΣ
Πεδίο ελέγχου 20250605164234.0
008 - FIXED-LENGTH DATA ELEMENTS--GENERAL INFORMATION
Πεδίο ελέγχου σταθερού μήκους 250528s ||||||||||||||||||||||||d
035 ## - SYSTEM CONTROL NUMBER
System control number 21088
020 ## - ISBN
ISBN 9789602185018
040 ## - ΠΗΓΗ ΚΑΤΑΛΟΓΟΓΡΑΦΗΣΗΣ
Φορέας πρωτότυπης καταλογογράφησης MC Athens Campus Library
Γλώσσα καταλογογράφησης Ελληνικά, Μοντέρνα (1453-)
Modifying agency MC Athens Campus Library
Κανόνες περιγραφικής καταλογογράφησης AACR2
245 1# - ΤΙΤΛΟΣ ΚΑΙ ΔΗΛΩΣΗ ΥΠΕΥΘΥΝΟΤΗΤΑΣ
Τίτλος Επιχειρηματικότητα
260 ## - PUBLICATION, DISTRIBUTION, ETC.
Name of publisher, distributor, etc. Κριτική,
Date of publication, distribution, etc. 2007
300 ## - PHYSICAL DESCRIPTION
Extent 512
520 ## - SUMMARY, ETC.
Summary, etc. Μια πρωτότυπη και σύγχρονη παρουσίαση της επιχειρηματικότητας. Πρόλογος, Υποστηρικτικό Υλικό στο Διαδίκτυο, Ο Επιχειρηματίας: Έννοιες και Ευρήματα, Επιχειρηματική Δραστηριότητα και η Οικονομία και η Σπουδαιότητα των Μικρών Επιχειρήσεων, Η Ποικιλότητα στην Επιχειρηματικότητα: Ο Ρόλος των Γυναικών και των Εθνοτικών Μειονοτήτων, Πηγές Χρηματοδότησης: Επισκόπηση Ζητημάτων και Δανειακή Χρηματοδότηση, Πηγές Χρηματοδότησης: Επιχειρηματικά Κεφάλαια Υψηλού Κινδύνου (EKYK - Venture Capital), Καινοτομία και Επιχειρηματικότητα Επιχειρηματικές Οικονομικές Μονάδες και Δυναμικές Επιχειρήσεις, Διεθνής Επιχειρηματικότητα, Διάφορα Ζητήματα Εκκίνησης Επιχειρηματικής Δραστηριότητας, Προετοιμασία για την Επιχειρηματική Εκκίνηση: Έρευνα και Σχεδιασμός και Υλοποίηση Επιχειρηματικών Σχεδίων.
700 1# - ΠΡΟΣΘΕΤΗ ΑΝΑΓΡΑΦΗ--ΦΥΣΙΚΟ ΠΡΟΣΩΠΟ
Personal name Deakins Dean
9 (RLIN) 7118
700 1# - ΠΡΟΣΘΕΤΗ ΑΝΑΓΡΑΦΗ--ΦΥΣΙΚΟ ΠΡΟΣΩΠΟ
Personal name Freel Mark
9 (RLIN) 2792
700 1# - ΠΡΟΣΘΕΤΗ ΑΝΑΓΡΑΦΗ--ΦΥΣΙΚΟ ΠΡΟΣΩΠΟ
Personal name Σπανός Λουκάς
9 (RLIN) 7119
942 ## - ADDED ENTRY ELEMENTS (KOHA)
Koha item type Books
Holdings
Τύπος τεκμηρίου Βιβλιοθήκη Τρέχουσα τοποθεσία Barcode Αριθμός εισαγωγής Ημερομηνία απόκτησης Ταξιθετικό σύμβολο Αριθμός αντιτύπου Κατάσταση απόσυρσης Κατάσταση χαμένου Κατάσταση κατεστραμμένου Μη δανεισμός Σύνολο δανεισμών Ημερομηνία τελευταίας εμφάνισης Η τιμή ισχύει από
Books MC Athens Campus Library MC Athens Campus Library 9780000061577 2186 05/06/2025 338.04 DEA 1           05/06/2025 05/06/2025

MC Athens Campus Library
Πατησίων 94 & Κοδριγκτώνος 13, 104 34
Πελλήνης 8 & Πατησίων 107, 112 51
Τ: +30 210 8899600

MC Thessaloniki Campus Library
Ίωνος Δραγούμη 21, 54625 | Ίωνος Δραγούμη 15, 54625
Τ: +30 2310 287779 – Τ: +30 2314 440300